000 00333 a2200145 4500
001 153437
040 _cEscola São Tomás de Aquino
100 _aREBOUÇAS, Thalita
240 1 0 _aTudo por um pop star
_lpor
245 1 0 _aTudo por um pop star
362 0 _a2003
440 1 _aRocco
697 _a*LITERATURA JUVENIL
942 _cBK
999 _c153437
_d153437